| 000 | 00560nam a2200193 a 4500 | ||
|---|---|---|---|
| 005 | 20140311163003.0 | ||
| 008 | 040429s19uu xx 00 eng d | ||
| 020 | _a971232978 | ||
| 050 |
_aKPM 952 _b.T693 2000 |
||
| 100 | _aTorres, Justo P. | ||
| 245 |
_aThe law on business organization (partnerships & corporations) / _cJusto P. Torres. |
||
| 260 |
_aPhilippines : _bRex Book Store, _c2000. |
||
| 300 |
_a367 p. : _c21 cm. |
||
| 521 | _aBSBA | ||
| 650 |
_aCorporation law _xPhilippines. |
||
| 942 |
_cBK _2lcc _kLOC |
||
| 999 |
_c39235 _d39235 |
||